Normal view
MARC view
- رئيس التحريرالغرايبة، خليف مصطفى واخرون؛ التدقيق اللغوي خلف عيد ابو صنوبر
Entry Personal Name
001 - CONTROL NUMBER
- control field: 61160
003 - CONTROL NUMBER IDENTIFIER
- control field: JO-AjAnu
005 - DATE AND TIME OF LATEST TRANSACTION
- control field: 20230606084008.0
008 - FIXED-LENGTH DATA ELEMENTS
- fixed length control field: 230606|| aca||aabn | a|a d
040 ## - CATALOGING SOURCE
- Original cataloging agency: JO-AjAnu
- Transcribing agency: JO-AjAnu
100 ## - HEADING--PERSONAL NAME
- Personal name: رئيس التحريرالغرايبة، خليف مصطفى واخرون؛ التدقيق اللغوي خلف عيد ابو صنوبر
670 ## - SOURCE DATA FOUND
- Source citation: Work cat.: (JO-AjAnu)31195: رئيس التحريرالغرايبة، خليف مصطفى واخرون؛ التدقيق اللغوي خلف عيد ابو صنوبر, author, موسوعة المعارف الاردنية: محافظة عجلون، عجلون في التاريخ المعاصر(العهد الهاشمي)، ج5